[Event "RUS-chT L1"]
[Site "Sochi RUS"]
[Date "2004.04.26"]
[Round "7.1"]
[White "Moiseenko, Alexander"]
[Black "Shomoev, Anton"]
[Result "1-0"]
[WhiteElo "2631"]
[BlackElo "2487"]
[EventDate "2004.04.20"]
[PlyCount "87"]

1.d4 d5 2.c4 c6 3.Nc3 Nf6 4.e3 a6 5.Nf3 b5 6.cxd5 cxd5 7.Bd2 e6 8.a4 b4 9.
Na2 Nc6 10.Nc1 Bd6 11.Nb3 Ne4 12.Bd3 f5 13.O-O O-O 14.Qe2 Bb7 15.Rfc1 Na5 
16.Nc5 Bxc5 17.dxc5 Nb3 18.Bxb4 Qf6 19.c6 Nxc1 20.Rxc1 Rfc8 21.Bxe4 fxe4 
22.Bc3 Rxc6 23.Bxf6 Rxc1+ 24.Ne1 gxf6 25.h3 Rac8 26.Kh2 f5 27.g4 Rf8 28.
Ng2 e5 29.gxf5 Rc7 30.Qd1 Rg7 31.Nh4 d4 32.exd4 exd4 33.Qxd4 e3 34.Qxe3 
Rxf5 35.Qe6+ Rff7 36.f3 Kf8 37.Nf5 Rg6 38.Qe5 Bc6 39.Qb8+ Be8 40.Qb4+ Kg8 
41.Ne7+ Rxe7 42.Qxe7 Bxa4 43.Qd8+ Kf7 44.Qc7+ 1-0

[Event "RUS-chT L1"]
[Site "Sochi RUS"]
[Date "2004.04.26"]
[Round "7.2"]
[White "Ivanov, Timur"]
[Black "Tunik, Gennady"]
[Result "1/2-1/2"]
[WhiteElo "2419"]
[BlackElo "2487"]
[EventDate "2004.04.20"]
[PlyCount "49"]

1.Nf3 Nf6 2.c4 e6 3.Nc3 Bb4 4.Qc2 O-O 5.a3 Bxc3 6.Qxc3 b6 7.b3 Bb7 8.Bb2 
d6 9.e3 Nbd7 10.Be2 c5 11.O-O Qe7 12.d4 Rac8 13.Rad1 d5 14.dxc5 Nxc5 15.
Ba1 dxc4 16.Bxc4 Nce4 17.Qb2 b5 18.Bd3 a5 19.b4 axb4 20.Qxb4 Qxb4 21.axb4 
Nc3 22.Bxc3 Rxc3 23.Bxb5 Bxf3 24.gxf3 Nd5 25.Rb1 1/2-1/2

[Event "RUS-chT L1"]
[Site "Sochi RUS"]
[Date "2004.04.26"]
[Round "7.3"]
[White "Tomashevsky, Evgeny"]
[Black "Abashev, Denis"]
[Result "1-0"]
[WhiteElo "2503"]
[BlackElo "2412"]
[EventDate "2004.04.20"]
[PlyCount "81"]

1.c4 c5 2.Nf3 Nc6 3.d4 cxd4 4.Nxd4 e5 5.Nb5 d6 6.g3 Be7 7.Bg2 f5 8.O-O Nf6
9.b3 a6 10.N5c3 O-O 11.Bb2 Be6 12.Nd5 Rc8 13.Nbc3 Rf7 14.Nxe7+ Rxe7 15.Qd2
Rd7 16.Nd5 Ne7 17.Nxe7+ Qxe7 18.Rac1 Qf7 19.Rfd1 Rcd8 20.Qa5 e4 21.e3 d5 
22.Bf1 f4 23.exf4 d4 24.Qe5 Ng4 25.Qxe4 Bf5 26.Qg2 Nf6 27.f3 d3 28.Rd2 h5 
29.Re1 Re7 30.Rxe7 Qxe7 31.Qf2 Qb4 32.Bd4 a5 33.h3 b5 34.g4 Bh7 35.cxb5 
Qxb5 36.Bxf6 gxf6 37.f5 a4 38.bxa4 Qxa4 39.Rxd3 Rxd3 40.Bxd3 Qd1+ 41.Qf1 
1-0

[Event "RUS-chT L1"]
[Site "Sochi RUS"]
[Date "2004.04.26"]
[Round "7.4"]
[White "Andreev, Afrikan"]
[Black "Evdokimov, Alexander"]
[Result "0-1"]
[WhiteElo "2390"]
[BlackElo "2495"]
[EventDate "2004.04.20"]
[PlyCount "108"]

1.d4 Nf6 2.c4 c5 3.d5 g6 4.Nc3 Bg7 5.Nf3 O-O 6.Bg5 d6 7.e3 a6 8.Nd2 Nbd7 
9.a4 e5 10.Be2 h6 11.Bh4 Qc7 12.e4 h5 13.h3 Bh6 14.Ra3 Kg7 15.O-O Nh7 16.
Qc2 Ndf6 17.a5 Rb8 18.Rb1 Bf4 19.Nf3 Ng8 20.Ne1 Bg5 21.Bg3 Ne7 22.b4 f5 
23.Nd3 cxb4 24.Nxb4 f4 25.Bh2 Bh4 26.Nd3 Qxc4 27.Rb6 Nf6 28.Ra4 Qc7 29.Qb3
Ne8 30.Rc4 Qd7 31.Rxa6 b5 32.Rxc8 Nxc8 33.Nb4 Nc7 34.Rc6 Ne7 35.Rb6 Rxb6 
36.axb6 Na8 37.Nxb5 Qb7 38.Kf1 Qxb6 39.Bg1 Rc8 40.Nc2 f3 41.gxf3 Nc7 42.
Qe3 Qb8 43.Nba3 g5 44.Bh2 Ng6 45.Qd2 Qa7 46.Bg3 Nf4 47.Nc4 Ne8 48.N4e3 Kh7
49.Bb5 Ng7 50.Bxf4 gxf4 51.Nc4 Qc5 52.N2a3 Ra8 53.Qb2 Rb8 54.Ke1 Ne8 0-1

[Event "RUS-chT L1"]
[Site "Sochi RUS"]
[Date "2004.04.26"]
[Round "7.1"]
[White "Ozgibtsev, Anatoly"]
[Black "Volkov, Sergei"]
[Result "0-1"]
[WhiteElo "2435"]
[BlackElo "2629"]
[EventDate "2004.04.20"]
[PlyCount "75"]

1.e4 e6 2.d4 d5 3.exd5 exd5 4.Nf3 Nc6 5.Bb5 Bd6 6.c4 dxc4 7.d5 a6 8.Ba4 b5
9.dxc6 bxa4 10.Qxa4 Bg4 11.Nbd2 Qe7+ 12.Kf1 Nf6 13.Nxc4 O-O 14.Bg5 Qe4 15.
Bxf6 Bxf3 16.gxf3 Qxf3 17.Rg1 Qxf6 18.Nxd6 Qxd6 19.Rg3 Rab8 20.Qc2 Rb6 21.
Rd1 Qe5 22.Kg1 Qe6 23.Qc3 g6 24.Re1 Qxa2 25.Re7 Rxb2 26.Rf3 Rc2 27.Qf6 Qc4
28.Rxc7 Rc1+ 29.Kg2 Qf1+ 30.Kg3 Qg1+ 31.Kh3 Rc5 32.Rg3 Rh5+ 33.Kg4 Qd1+ 
34.f3 Qa4+ 35.f4 Qd1+ 36.Rf3 Rxh2 37.Rxf7 Rxf7 38.Qd8+ 0-1

[Event "RUS-chT L1"]
[Site "Sochi RUS"]
[Date "2004.04.26"]
[Round "7.2"]
[White "Burmakin, Vladimir"]
[Black "Pogromsky, Mikhail"]
[Result "1-0"]
[WhiteElo "2571"]
[BlackElo "2243"]
[EventDate "2004.04.20"]
[PlyCount "117"]

1.d4 Nf6 2.Nf3 e6 3.c4 b6 4.a3 c5 5.d5 Ba6 6.Qb3 exd5 7.cxd5 g6 8.Nc3 Bg7 
9.e4 Bxf1 10.Kxf1 d6 11.Qb5+ Qd7 12.Bf4 Nh5 13.Qxd7+ Kxd7 14.Be3 Nf6 15.h3
Re8 16.Nd2 Na6 17.g4 Nc7 18.Bf4 b5 19.f3 a5 20.a4 Reb8 21.Kg2 Nfe8 22.axb5
Nxb5 23.Na4 Rb7 24.Nc4 Ke7 25.Bd2 Nd4 26.Bc3 Rb5 27.Rae1 Nc2 28.Re2 Nd4 
29.Rf2 f5 30.exf5 gxf5 31.Re1+ Kf8 32.Rxe8+ Rxe8 33.Nxd6 Reb8 34.Nxb5 Rxb5
35.Rf1 Ke7 36.Re1+ Kd7 37.g5 Nc2 38.Re6 Bxc3 39.bxc3 f4 40.Re4 Ne3+ 41.Kf2
Rb1 42.Rxf4 Nxd5 43.Rf7+ Ke6 44.Rxh7 Kf5 45.h4 c4 46.Rf7+ Kg6 47.Rd7 Nf4 
48.Rd4 Nd3+ 49.Kg2 Ra1 50.Rxc4 Kf5 51.Nb6 Nf4+ 52.Kg3 Rg1+ 53.Kf2 Rg2+ 54.
Ke3 Re2+ 55.Kd4 Re5 56.Rc6 Ne6+ 57.Kc4 Kf4 58.Nd7 Re1 59.Nc5 1-0

[Event "RUS-chT L1"]
[Site "Sochi RUS"]
[Date "2004.04.26"]
[Round "7.3"]
[White "Krutko, Anatoly"]
[Black "Yevseev, Denis"]
[Result "0-1"]
[WhiteElo "2324"]
[BlackElo "2580"]
[EventDate "2004.04.20"]
[PlyCount "76"]

1.e4 c6 2.d4 d5 3.Nc3 dxe4 4.Nxe4 Bf5 5.Ng3 Bg6 6.h4 h6 7.Nf3 e6 8.h5 Bh7 
9.Bd3 Bxd3 10.Qxd3 Nf6 11.Bf4 Qa5+ 12.Bd2 Bb4 13.c3 Be7 14.c4 Bb4 15.a3 
Bxd2+ 16.Qxd2 Qc7 17.O-O O-O 18.Rfe1 Nbd7 19.Rad1 Rad8 20.Qe2 a5 21.b4 Ra8
22.Rb1 axb4 23.axb4 Ra4 24.Ne5 Qd6 25.Red1 Rfa8 26.b5 Ra2 27.Qe1 Qc7 28.
bxc6 bxc6 29.Nxd7 Qxd7 30.Ra1 Rxa1 31.Rxa1 Rd8 32.Ne2 Nxh5 33.Qa5 Nf6 34.
Qb6 e5 35.dxe5 Ng4 36.Nc3 Qd4 37.Rb1 Nxe5 38.Qxd4 Rxd4 0-1

[Event "RUS-chT L1"]
[Site "Sochi RUS"]
[Date "2004.04.26"]
[Round "7.1"]
[White "Yakovich, Yury"]
[Black "Rodin, Dmitrij"]
[Result "1-0"]
[WhiteElo "2596"]
[BlackElo "2452"]
[EventDate "2004.04.20"]
[PlyCount "73"]

1.e4 c5 2.Nf3 e6 3.d4 cxd4 4.Nxd4 a6 5.Bd3 g6 6.O-O Bg7 7.Be3 Nf6 8.c4 d6 
9.Nc3 Nbd7 10.Re1 O-O 11.Bf1 Ne5 12.f3 Bd7 13.Qd2 Rc8 14.b3 Qc7 15.Rac1 
Rfd8 16.Kh1 Be8 17.Red1 Qb8 18.Bg5 Rc5 19.f4 Neg4 20.b4 Rcc8 21.h3 Ne5 22.
Nb3 Nc6 23.a3 Ne7 24.Qe1 h6 25.Bh4 Kf8 26.Qe3 b5 27.c5 d5 28.Bxf6 Bxf6 29.
e5 Nf5 30.Qf3 d4 31.exf6 Bc6 32.Qf2 dxc3 33.Rxd8+ Rxd8 34.Rxc3 Rd1 35.Rd3 
Rb1 36.Nd2 Ra1 37.Kg1 1-0

[Event "RUS-chT L1"]
[Site "Sochi RUS"]
[Date "2004.04.26"]
[Round "7.2"]
[White "Kostin, Alexei"]
[Black "Tregubov, Pavel"]
[Result "0-1"]
[WhiteElo "2385"]
[BlackElo "2636"]
[EventDate "2004.04.20"]
[PlyCount "148"]

1.e4 c5 2.Nf3 Nc6 3.c3 Nf6 4.e5 Nd5 5.d4 cxd4 6.Bc4 Nb6 7.Bb3 g6 8.cxd4 
Bg7 9.O-O O-O 10.Nc3 d6 11.exd6 Qxd6 12.Re1 Bg4 13.h3 Bxf3 14.Qxf3 Rad8 
15.Bg5 Rd7 16.Rad1 Nxd4 17.Qe3 Qc6 18.Qf4 Nxb3 19.Rxd7 Nxd7 20.axb3 e5 21.
Qd2 Nb6 22.Be3 Qe6 23.Na4 Qxb3 24.Nxb6 axb6 25.Rc1 e4 26.Rc7 Qd3 27.Rxb7 
Rd8 28.Qc1 Be5 29.g3 Qe2 30.Kh2 Qf3 31.Rd7 Rxd7 32.Qc8+ Kg7 33.Qxd7 Bxg3+ 
34.Kg1 Be5 35.b4 Qe2 36.b5 Qd3 37.Qxd3 exd3 38.Kf1 Kf6 39.Bxb6 Ke6 40.Ke1 
Bc3+ 41.Kd1 Kd5 42.Be3 f6 43.f3 Bb4 44.Bb6 Kc4 45.Bd8 Kxb5 46.Bxf6 Kc4 47.
Bh4 Kd5 48.Bf2 Ke5 49.Be3 Kf5 50.Kc1 Bc3 51.Kd1 Ke5 52.Bg5 Kd4 53.Bf6+ Kc4
54.Bg5 Bb4 55.Bh4 Bd6 56.Bg5 Kd4 57.Kd2 Bb4+ 58.Kd1 Ke5 59.Be3 Kf5 60.Kc1 
g5 61.Kd1 h6 62.Kc1 Bc3 63.Kd1 Ke5 64.Kc1 Bd4 65.Bd2 Bf2 66.Kd1 Kd4 67.f4 
Bh4 68.fxg5 hxg5 69.Ba5 Bg3 70.Bd8 Bf4 71.h4 g4 72.h5 g3 73.Bh4 g2 74.Bf2+
Be3 0-1

[Event "RUS-chT L1"]
[Site "Sochi RUS"]
[Date "2004.04.26"]
[Round "7.4"]
[White "Terentiev, Vitaly"]
[Black "Khismatullin, Denis"]
[Result "0-1"]
[WhiteElo "2387"]
[BlackElo "2537"]
[EventDate "2004.04.20"]
[PlyCount "84"]

1.d4 Nf6 2.Nf3 d5 3.c4 dxc4 4.e3 e6 5.Bxc4 c5 6.O-O a6 7.b3 cxd4 8.Nxd4 
Bd6 9.Bb2 O-O 10.Nd2 e5 11.N4f3 Qe7 12.Ng5 Bg4 13.Qb1 Nc6 14.Bd3 h6 15.Nh7
Rfd8 16.Nxf6+ Qxf6 17.h3 Bh5 18.Ne4 Qh4 19.Ng3 Ne7 20.Bh7+ Kh8 21.Be4 Rd7 
22.Bc3 Rc8 23.Qb2 f6 24.Rac1 Bf7 25.Ba5 Rxc1 26.Rxc1 Be6 27.Qc2 Qg5 28.Rd1
f5 29.Bxb7 f4 30.Ne4 Qg6 31.exf4 Bxh3 32.g3 exf4 33.Qc3 Bb4 34.Rxd7 Bxc3 
35.Rd8+ Kh7 36.Bxc3 Bf5 37.Rd6 Qe8 38.Rxa6 Qb8 39.Nd6 fxg3 40.fxg3 Qc7 41.
Be5 Qc5+ 42.Kh2 Qxe5 0-1

[Event "RUS-chT L1"]
[Site "Sochi RUS"]
[Date "2004.04.26"]
[Round "7.1"]
[White "Sokolov, Dmitri"]
[Black "Askarov, Marat"]
[Result "1-0"]
[WhiteElo "2409"]
[BlackElo "2404"]
[EventDate "2004.04.20"]
[PlyCount "51"]

1.e4 c5 2.Nf3 d6 3.d4 cxd4 4.Nxd4 Nf6 5.Nc3 a6 6.Bg5 e6 7.f4 Qb6 8.Qd2 Nc6
9.O-O-O Qxd4 10.Qxd4 Nxd4 11.Rxd4 b6 12.Be2 Bb7 13.Rhd1 Nd7 14.f5 exf5 15.
exf5 Bxg2 16.Ne4 d5 17.Rxd5 Bxe4 18.Rxd7 f6 19.Bxf6 Bxf5 20.Bh5+ Bg6 21.
Bg4 gxf6 22.Re1+ Be7 23.Rexe7+ Kf8 24.Re6 f5 25.Bf3 Rc8 26.Bc6 1-0

[Event "RUS-chT L1"]
[Site "Sochi RUS"]
[Date "2004.04.26"]
[Round "7.2"]
[White "Ayupov, Damir"]
[Black "Kositsin, Sergei"]
[Result "1/2-1/2"]
[WhiteElo "2325"]
[BlackElo "2429"]
[EventDate "2004.04.20"]
[PlyCount "35"]

1.d4 Nf6 2.c4 g6 3.Nc3 Bg7 4.e4 d6 5.Nf3 O-O 6.Be2 Bg4 7.Be3 Nfd7 8.Ng1 
Bxe2 9.Ngxe2 c5 10.O-O Nc6 11.b3 Qa5 12.Rc1 cxd4 13.Nxd4 Rfc8 14.Nd5 Qd8 
15.Qd2 a6 16.Rc2 Rab8 17.Rfc1 Nf6 18.Nxc6 1/2-1/2

[Event "RUS-chT L1"]
[Site "Sochi RUS"]
[Date "2004.04.26"]
[Round "7.3"]
[White "Semeniuk, Alexander"]
[Black "Lianguzov, Oleg"]
[Result "1-0"]
[WhiteElo "2458"]
[BlackElo "2303"]
[EventDate "2004.04.20"]
[PlyCount "55"]

1.e4 c5 2.Nf3 d6 3.c3 Nf6 4.Bd3 Bg4 5.Bc2 Nc6 6.d3 d5 7.Nbd2 e6 8.Qe2 Qc7 
9.h3 Bh5 10.Nf1 h6 11.g4 Bg6 12.Nh4 Bh7 13.Ng2 c4 14.dxc4 dxe4 15.Ng3 Ne5 
16.Nxe4 Qc6 17.Bf4 Nexg4 18.hxg4 Bxe4 19.Bxe4 Nxe4 20.f3 Nd6 21.Ne3 O-O-O 
22.O-O-O Be7 23.Rd2 Rd7 24.Rhd1 Rhd8 25.Kc2 Ne8 26.Nf1 Qa4+ 27.Kb1 Qxd1+ 
28.Qxd1 1-0

[Event "RUS-chT L1"]
[Site "Sochi RUS"]
[Date "2004.04.26"]
[Round "7.4"]
[White "Sharafiev, Azat"]
[Black "Berezhevsky, Evgeny"]
[Result "0-1"]
[WhiteElo "2255"]
[BlackElo "2369"]
[EventDate "2004.04.20"]
[PlyCount "45"]

1.e4 c5 2.Nf3 e6 3.d3 Nc6 4.g3 g6 5.d4 cxd4 6.Nxd4 a6 7.Nc3 Bg7 8.Be3 Nge7
9.Nxc6 Nxc6 10.Qd2 O-O 11.O-O-O f5 12.Bc5 Rf7 13.Bg2 Qa5 14.Bd6 b5 15.Kb1 
Bb7 16.exf5 gxf5 17.Qg5 Nd8 18.Bxb7 Nxb7 19.g4 b4 20.Ne2 Nxd6 21.Rxd6 Qe5 
22.Rd4 Qxe2 23.gxf5 0-1

[Event "RUS-chT L1"]
[Site "Sochi RUS"]
[Date "2004.04.26"]
[Round "7.1"]
[White "Turov, Maxim"]
[Black "Pugachov, Alexei"]
[Result "1/2-1/2"]
[WhiteElo "2528"]
[BlackElo "2453"]
[EventDate "2004.04.20"]
[PlyCount "64"]

1.e4 c5 2.Nc3 e6 3.f4 d5 4.Nf3 dxe4 5.Nxe4 Nd7 6.g3 Ngf6 7.Nf2 b6 8.Bg2 
Bb7 9.O-O Be7 10.Qe2 O-O 11.b3 Qc7 12.Bb2 a6 13.c4 Rfe8 14.Nd3 b5 15.Rfe1 
Rab8 16.Rac1 Qa5 17.Nfe5 Bxg2 18.Kxg2 Nxe5 19.Bxe5 Rbc8 20.Rc2 bxc4 21.
bxc4 Qa4 22.Rec1 Red8 23.Nf2 Nd7 24.Bb2 Bf8 25.Ng4 h6 26.Qf3 Nb8 27.f5 
exf5 28.Qxf5 Qd7 29.Qxd7 Rxd7 30.Bc3 Rb7 31.Ne3 Nc6 32.Nd5 Ne7 1/2-1/2

[Event "RUS-chT L1"]
[Site "Sochi RUS"]
[Date "2004.04.26"]
[Round "7.2"]
[White "Chuprov, Dmitry"]
[Black "Kryakvin, Dmitry"]
[Result "1/2-1/2"]
[WhiteElo "2549"]
[BlackElo "2471"]
[EventDate "2004.04.20"]
[PlyCount "61"]

1.d4 Nf6 2.Nf3 g6 3.Bg5 Bg7 4.Nbd2 O-O 5.e4 d5 6.e5 Ne4 7.Be3 c5 8.dxc5 
Nc6 9.c3 Nxd2 10.Qxd2 Bg4 11.Nd4 Nxe5 12.Bh6 Bxh6 13.Qxh6 Bd7 14.Be2 Nc6 
15.Rd1 e6 16.O-O Qe7 17.b4 a5 18.b5 Na7 19.c4 dxc4 20.Bxc4 Rac8 21.b6 Rxc5
22.bxa7 Rxc4 23.Nf3 Ra8 24.Ng5 f6 25.Nxh7 Be8 26.Rd7 Bxd7 27.Qxg6+ Qg7 28.
Nxf6+ Kf8 29.Nh7+ Kg8 30.Nf6+ Kf8 31.Nh7+ 1/2-1/2

[Event "RUS-chT L1"]
[Site "Sochi RUS"]
[Date "2004.04.26"]
[Round "7.4"]
[White "Demakov, Petr"]
[Black "Khlian, Eduard"]
[Result "0-1"]
[WhiteElo "2223"]
[BlackElo "2460"]
[EventDate "2004.04.20"]
[PlyCount "114"]

1.e4 c6 2.c4 d5 3.cxd5 cxd5 4.exd5 Nf6 5.Qa4+ Nbd7 6.Nc3 g6 7.Bc4 Bg7 8.
Nf3 O-O 9.Qb3 Qa5 10.a4 a6 11.Qa2 Nb6 12.O-O Rd8 13.d3 Nfxd5 14.Nxd5 Nxd5 
15.Bd2 Qc5 16.d4 Qd6 17.Ba5 b6 18.Bxd5 Qxd5 19.Bxb6 Qxa2 20.Rxa2 Rd5 21.h3
a5 22.b4 axb4 23.Rb1 Be6 24.Rxb4 Rxd4 25.Bxd4 Bxa2 26.Bxg7 Kxg7 27.Nd4 Bd5
28.Ne2 Rc8 29.a5 Rc2 30.Nd4 Ra2 31.Rb5 e6 32.Rc5 g5 33.Nc2 Kf6 34.Nb4 Ra1+
35.Kh2 Be4 36.a6 h5 37.f3 Ba8 38.Rb5 h4 39.Rb6 Ke5 40.Rb7 f5 41.Rd7 Ra4 
42.Nd3+ Kf6 43.a7 Bd5 44.Rc7 Ra1 45.Nc5 Ke5 46.Nd3+ Kd4 47.Nc5 Ra2 48.Kg1 
g4 49.fxg4 fxg4 50.hxg4 Rxg2+ 51.Kf1 Ra2 52.Nxe6+ Bxe6 53.Rh7 Bd5 54.Rxh4 
Ke3 55.Rh3+ Bf3 56.Kg1 Ra1+ 57.Kh2 Kf4 0-1

[Event "RUS-chT L1"]
[Site "Sochi RUS"]
[Date "2004.04.26"]
[Round "7.1"]
[White "Kutuzov, Denis"]
[Black "Savchenko, Boris"]
[Result "0-1"]
[WhiteElo "2277"]
[BlackElo "2510"]
[EventDate "2004.04.20"]
[PlyCount "104"]

1.e4 c5 2.Nf3 g6 3.c3 Bg7 4.d4 cxd4 5.cxd4 d5 6.e5 Bg4 7.Nbd2 Nc6 8.Bd3 e6
9.h3 Bxf3 10.Nxf3 Nge7 11.O-O O-O 12.Be3 Rc8 13.Qd2 Qb6 14.Rad1 Qb4 15.Qe2
Rc7 16.h4 Nf5 17.Bxf5 exf5 18.Ng5 f4 19.a3 Qa4 20.Bxf4 Nxd4 21.Qd3 Ne6 22.
Bg3 Rd8 23.Qf3 h6 24.Nxe6 fxe6 25.b3 Qd7 26.Qd3 Qf7 27.Qe3 a6 28.Rc1 Rdc8 
29.Rxc7 Qxc7 30.b4 b5 31.Kh2 Kh7 32.f4 Qc4 33.Rd1 Qc2 34.Rd3 Rc4 35.Qf3 h5
36.Bf2 Rxf4 37.Qxf4 Qxd3 38.Qf7 Qf5 39.Qa7 g5 40.hxg5 Kg6 41.Bg3 Bxe5 42.
Qa8 Bxg3+ 43.Kxg3 Qxg5+ 44.Kf3 Kf5 45.Qxa6 Qf4+ 46.Ke2 Qc4+ 47.Kf2 d4 48.
Qd6 Ke4 49.Qe7 Kd3 50.Qh7+ Kc3 51.Qxh5 d3 52.Qf3 Kc2 0-1

[Event "RUS-chT L1"]
[Site "Sochi RUS"]
[Date "2004.04.26"]
[Round "7.2"]
[White "Meshkov, Yury"]
[Black "Roppel, Konstantin"]
[Result "0-1"]
[WhiteElo "2396"]
[BlackElo "2303"]
[EventDate "2004.04.20"]
[PlyCount "58"]

1.e4 c5 2.Nf3 Nc6 3.Bb5 e6 4.Bxc6 bxc6 5.O-O d6 6.e5 d5 7.d3 Ne7 8.b3 Ng6 
9.c4 Be7 10.Nc3 f6 11.Na4 fxe5 12.Bb2 Bd6 13.Qe1 Qc7 14.Qe3 O-O 15.Ba3 e4 
16.dxe4 d4 17.Qd3 Nf4 18.Qd1 e5 19.Ne1 Qf7 20.Nd3 Nxg2 21.Kxg2 Qg6+ 22.Kh1
Bh3 23.Rg1 Qxe4+ 24.f3 Rxf3 25.Ndxc5 Qf5 26.Qe1 e4 27.Bb2 Qf4 28.Rg3 Rxg3 
29.Qxg3 Qf5 0-1

[Event "RUS-chT L1"]
[Site "Sochi RUS"]
[Date "2004.04.26"]
[Round "7.3"]
[White "Cherniaev, Alexander"]
[Black "Chadaev, Nikolay"]
[Result "0-1"]
[WhiteElo "2270"]
[BlackElo "2370"]
[EventDate "2004.04.20"]
[PlyCount "98"]

1.d4 g6 2.c4 Bg7 3.Nc3 c5 4.d5 d6 5.e4 Nf6 6.Be2 O-O 7.g4 e6 8.g5 Ne8 9.h4
Nc7 10.Be3 exd5 11.cxd5 b5 12.Qd2 Re8 13.f3 Nd7 14.Nh3 Ne5 15.Nf2 b4 16.
Ncd1 Ba6 17.Rc1 Rb8 18.f4 Bxe2 19.Qxe2 Nd7 20.h5 Nb5 21.Kf1 Qe7 22.hxg6 
fxg6 23.Qg4 b3 24.Qh3 Nf8 25.a3 Nd4 26.f5 gxf5 27.exf5 Nc2 28.Bf4 Qe2+ 29.
Kg2 Bd4 30.g6 Rb7 31.Qg4 Ne1+ 32.Kg3 hxg6 33.f6 Bxf6 34.Qxe2 Rxe2 35.Ne3 
Nc2 36.Nc4 Rd7 37.Ng4 Be7 38.Rcf1 Nh7 39.Bd2 Nd4 40.Nh6+ Kh8 41.Bc3 Bf6 
42.a4 Re4 43.Kg2 Kg7 44.Rf2 Rh4 45.Nxd6 Rxh1 46.Ne8+ Kxh6 47.Kxh1 Be5 48.
d6 Bxd6 49.Bd2+ g5 0-1

[Event "RUS-chT L1"]
[Site "Sochi RUS"]
[Date "2004.04.26"]
[Round "7.4"]
[White "Pogosian, Georgy"]
[Black "Zhukov, Vladimir"]
[Result "1-0"]
[WhiteElo "2240"]
[BlackElo "2281"]
[EventDate "2004.04.20"]
[PlyCount "41"]

1.e4 c5 2.c3 d5 3.exd5 Qxd5 4.d4 Nf6 5.Nf3 cxd4 6.cxd4 e6 7.Bd3 Nc6 8.O-O 
Nb4 9.Nc3 Qd8 10.Bc4 Be7 11.Qe2 O-O 12.Rd1 a6 13.a3 Nbd5 14.Ne5 Nxc3 15.
bxc3 Nd5 16.Rd3 Bd7 17.Rg3 f5 18.Bh6 Bf6 19.Re1 Kh8 20.Nxd7 gxh6 21.Nxf8 
1-0

[Event "RUS-chT L1"]
[Site "Sochi RUS"]
[Date "2004.04.27"]
[Round "8.1"]
[White "Ozgibtsev, Anatoly"]
[Black "Moiseenko, Alexander"]
[Result "0-1"]
[WhiteElo "2435"]
[BlackElo "2631"]
[EventDate "2004.04.20"]
[PlyCount "110"]

1.e4 c5 2.c3 d5 3.exd5 Qxd5 4.d4 Nf6 5.Nf3 Nc6 6.Na3 Bg4 7.Be2 cxd4 8.Nb5 
O-O-O 9.Nbxd4 Nxd4 10.Qxd4 Bxf3 11.Bxf3 Qxd4 12.cxd4 e6 13.Bg5 Rxd4 14.Ke2
Be7 15.Bxf6 Bxf6 16.Rhd1 Rhd8 17.Rxd4 Bxd4 18.Rc1+ Kb8 19.b3 Rd6 20.Rc4 a6
21.a4 Bf6 22.Rb4 Rd7 23.Bc6 Rc7 24.Be4 g6 25.f4 Ka7 26.g3 Rd7 27.Rc4 Be7 
28.Bd3 Kb6 29.Rc8 h5 30.Be4 Bb4 31.Bd3 Ka5 32.Rh8 Bd6 33.Rh7 Re7 34.Rh8 
Kb4 35.Bc4 b5 36.axb5 axb5 37.Bd3 e5 38.f5 e4 39.Bb1 Kxb3 40.fxg6 fxg6 41.
Rd8 Re6 42.Ra8 Ba3 43.Ke3 Bc1+ 44.Ke2 Kb2 45.Ba2 Rd6 46.Bf7 e3 47.Rb8 Rd2+
48.Ke1 Rxh2 49.Rxb5+ Kc3 50.Rc5+ Kd4 51.Rc7 Bd2+ 52.Kd1 Bb4 53.Rd7+ Kc3 
54.Rb7 e2+ 55.Ke1 Kd3+ 0-1

[Event "RUS-chT L1"]
[Site "Sochi RUS"]
[Date "2004.04.27"]
[Round "8.2"]
[White "Diachkov, Sergei"]
[Black "Pogromsky, Mikhail"]
[Result "1-0"]
[WhiteElo "2549"]
[BlackElo "2243"]
[EventDate "2004.04.20"]
[PlyCount "97"]

1.d4 Nf6 2.c4 e6 3.g3 d5 4.Bg2 Nc6 5.cxd5 exd5 6.Nc3 Be7 7.Bg5 Be6 8.e3 
O-O 9.Nge2 h6 10.Bxf6 Bxf6 11.Nf4 Ne7 12.Nh5 Nf5 13.Nxf6+ Qxf6 14.Nxd5 
Bxd5 15.Bxd5 Qa6 16.Qf3 c6 17.Bb3 Qd3 18.Rd1 Qb5 19.Qe2 Qb4+ 20.Kf1 a5 21.
Qd3 a4 22.Bc2 g6 23.Qc3 Qxc3 24.bxc3 Nd6 25.Bd3 f5 26.c4 b5 27.cxb5 cxb5 
28.Rb1 Rab8 29.Rb4 Rfc8 30.Ke2 Rc3 31.Rhb1 Ra3 32.R1b2 Kf7 33.h3 Ke7 34.g4
Ne4 35.Bxe4 fxe4 36.f3 exf3+ 37.Kxf3 Kf6 38.Rxb5 Re8 39.Rb6+ Kg5 40.Re2 
Rd3 41.h4+ Kxh4 42.Rxg6 Rf8+ 43.Ke4 Rc3 44.Rxh6+ Kg5 45.Re6 a3 46.Rg2 Rb8 
47.Re5+ Kg6 48.g5 Rb2 49.Rxb2 1-0

[Event "RUS-chT L1"]
[Site "Sochi RUS"]
[Date "2004.04.27"]
[Round "8.3"]
[White "Ustinov, Viacheslav"]
[Black "Tunik, Gennady"]
[Result "0-1"]
[WhiteElo "2246"]
[BlackElo "2487"]
[EventDate "2004.04.20"]
[PlyCount "84"]

1.e4 c5 2.Nf3 e6 3.b3 a6 4.Bb2 d6 5.c4 Nf6 6.Nc3 e5 7.g3 g6 8.Bg2 Bg7 9.
O-O O-O 10.h3 Nc6 11.d3 Rb8 12.a4 Ne8 13.Nd2 Nc7 14.Nd5 Ne6 15.Kh1 Ned4 
16.Bc3 b5 17.axb5 axb5 18.Nf3 Ne6 19.Ne1 h5 20.f4 exf4 21.Bxg7 Kxg7 22.
Nxf4 Nxf4 23.Rxf4 bxc4 24.bxc4 Be6 25.Rf2 Qg5 26.Qf3 h4 27.gxh4 Qxh4 28.
Qf4 Qxf4 29.Rxf4 Ne5 30.Rf2 Rh8 31.Ra6 Rb1 32.Rf1 Nxc4 33.Nf3 Rxf1+ 34.
Bxf1 Ne3 35.Be2 Rxh3+ 36.Kg1 d5 37.e5 Bg4 38.Rf6 Rh5 39.Rc6 Rf5 40.Kf2 
Bxf3 41.Bxf3 Ng4+ 42.Kg3 Nxe5 0-1

[Event "RUS-chT L1"]
[Site "Sochi RUS"]
[Date "2004.04.27"]
[Round "8.4"]
[White "Tomashevsky, Evgeny"]
[Black "Shestakov, Dmitry"]
[Result "1/2-1/2"]
[WhiteElo "2503"]
[BlackElo "2152"]
[EventDate "2004.04.20"]
[PlyCount "115"]

1.c4 c5 2.Nc3 Nf6 3.Nf3 g6 4.d4 cxd4 5.Nxd4 Bg7 6.e4 O-O 7.Be2 Nc6 8.Nc2 
d6 9.O-O Be6 10.Be3 Nd7 11.Nd4 Nxd4 12.Bxd4 Bxd4 13.Qxd4 Ne5 14.b3 Nc6 15.
Qe3 Kg7 16.Rad1 Qa5 17.f4 Qc5 18.Kf2 f6 19.Rd2 Rab8 20.g3 a6 21.Rfd1 b6 
22.Nd5 Rfc8 23.Rb1 Kf7 24.Bf1 b5 25.cxb5 axb5 26.Rbb2 Nd8 27.Qxc5 dxc5 28.
Rbc2 Kf8 29.Nc3 c4 30.b4 Nc6 31.a3 Ke8 32.Bg2 Rb6 33.Nd5 Ra6 34.Rc3 Nd8 
35.Ne3 Nf7 36.e5 fxe5 37.Bb7 Raa8 38.Bxa8 Rxa8 39.Nd5 Ra7 40.Rd1 exf4 41.
Nxf4 Bf5 42.Re3 e5 43.Ne2 Kf8 44.Rd5 Bd3 45.Rexd3 cxd3 46.Rxd3 Ra6 47.Re3 
Nd6 48.Rxe5 Rxa3 49.Nd4 Ra2+ 50.Kg1 Rb2 51.Rd5 Ke7 52.Nxb5 Rb1+ 53.Kg2 Nc4
54.Rc5 Rxb4 55.Nc3 Ke6 56.Rc7 h6 57.Ne4 Ne5 58.Nf2 1/2-1/2

[Event "RUS-chT L1"]
[Site "Sochi RUS"]
[Date "2004.04.27"]
[Round "8.2"]
[White "Kryakvin, Dmitry"]
[Black "Burmakin, Vladimir"]
[Result "1/2-1/2"]
[WhiteElo "2471"]
[BlackElo "2571"]
[EventDate "2004.04.20"]
[PlyCount "21"]

1.d4 d5 2.c4 c6 3.Nc3 Nf6 4.Nf3 a6 5.Ne5 e6 6.cxd5 exd5 7.Bf4 Bd6 8.e3 Qe7
9.Be2 Nbd7 10.Nd3 O-O 11.O-O 1/2-1/2

[Event "RUS-chT L1"]
[Site "Sochi RUS"]
[Date "2004.04.27"]
[Round "8.3"]
[White "Popov, Valery"]
[Black "Vyetik, Viacheslav"]
[Result "1-0"]
[WhiteElo "2547"]
[BlackElo "2436"]
[EventDate "2004.04.20"]
[PlyCount "73"]

1.d4 Nf6 2.Nf3 e6 3.g3 b6 4.Bg2 Bb7 5.c4 Be7 6.O-O O-O 7.Re1 d5 8.cxd5 
exd5 9.Nc3 c5 10.dxc5 bxc5 11.Qb3 Qb6 12.Ne5 Qxb3 13.axb3 Na6 14.Bg5 Nb4 
15.Rac1 Rfe8 16.Na4 Rac8 17.Bxf6 gxf6 18.Ng4 Ba6 19.Nxc5 Rxc5 20.Rxc5 h5 
21.Nh6+ Kh7 22.Rc7 Kxh6 23.Rxa7 Bc5 24.Rxf7 Kg6 25.Rc7 Bb6 26.Rd7 Bc8 27.
Rd6 Bc5 28.Rxd5 Nxd5 29.Bxd5 Bd4 30.e3 Bxb2 31.h4 Be5 32.Bc6 Rd8 33.b4 Bc7
34.Ra1 Bb6 35.Ra8 Bf5 36.e4 Bg4 37.Be8+ 1-0

[Event "RUS-chT L1"]
[Site "Sochi RUS"]
[Date "2004.04.27"]
[Round "8.1"]
[White "Sokolov, Dmitri"]
[Black "Tregubov, Pavel"]
[Result "1/2-1/2"]
[WhiteElo "2409"]
[BlackElo "2636"]
[EventDate "2004.04.20"]
[PlyCount "168"]

1.e4 c5 2.Nf3 Nc6 3.d4 cxd4 4.Nxd4 e5 5.Nb5 d6 6.c4 Be7 7.N1c3 a6 8.Na3 f5
9.exf5 Bxf5 10.Bd3 Be6 11.O-O Nf6 12.Ne4 O-O 13.Nxf6+ Rxf6 14.Be4 Qd7 15.
Qd3 h6 16.Nc2 b5 17.cxb5 axb5 18.Rd1 Ra4 19.Bd5 Nd4 20.Ne3 Rf7 21.b3 e4 
22.Qf1 Nxb3 23.Bxe6 Qxe6 24.Qxb5 Nc5 25.Nd5 Bh4 26.Be3 Rb7 27.Qe2 Nd3 28.
Qh5 Qe5 29.Qxe5 dxe5 30.Nc3 Rc4 31.Nxe4 Rxe4 32.Rxd3 Ra4 33.Rd2 Be7 34.g3 
Ba3 35.Kg2 Kh7 36.Rc2 Bb2 37.Rd1 Bd4 38.Bc1 Rb1 39.Rd3 Ra5 40.a3 Ra1 41.
Rb3 Rc5 42.Rxc5 Bxc5 43.Rc3 Bd4 44.Rc2 Kg6 45.Kf3 Kf5 46.h3 e4+ 47.Ke2 h5 
48.f3 Ke5 49.h4 Kd5 50.g4 g6 51.g5 Ke5 52.fxe4 Kxe4 53.Rc6 Ra2+ 54.Bd2 Be5
55.Rc4+ Kd5 56.Rc8 Bg3 57.Rg8 Bf4 58.Rd8+ Ke5 59.Re8+ Kd5 60.Rd8+ Ke4 61.
Re8+ Be5 62.Ra8 Bc3 63.Re8+ Kf5 64.Rf8+ Ke6 65.Rd8 Ba5 66.Rd3 Ke5 67.Kd1 
Bxd2 68.Rxd2 Rxa3 69.Rb2 Ra4 70.Rb6 Kf5 71.Rf6+ Kg4 72.Rxg6 Kxh4 73.Re6 
Kg3 74.Re3+ Kg2 75.Re2+ Kf3 76.Re8 h4 77.g6 Rg4 78.Rf8+ Kg3 79.Ke2 h3 80.
Rf3+ Kh4 81.Kf2 Rg2+ 82.Kf1 Rxg6 83.Rf8 h2 84.Kf2 Rh6 1/2-1/2